Clubs vainqueurs de l'Europa League - Statistiques

Statistiques générales
  • Ce quiz a été pris 339 fois
  • Le résultat moyen est 34 sur 53
Statistiques - réponses
Année
Club
% Correct
2006 Séville FC
94%
2007 Séville FC
94%
2014 Séville FC
94%
2015 Séville FC
94%
2016 Séville FC
94%
2020 Séville FC
94%
2023 Séville FC
94%
1985 Real Madrid
92%
1986 Real Madrid
92%
2017 Manchester United
88%
2013 Chelsea
86%
2019 Chelsea
86%
2010 Atlético Madrid
83%
2012 Atlético Madrid
83%
2018 Atlético Madrid
83%
2024 Atalanta Bergame
81%
1991 Inter Milan
80%
1994 Inter Milan
80%
1998 Inter Milan
80%
1973 Liverpool
79%
1976 Liverpool
79%
2001 Liverpool
79%
1977 Juventus
74%
1990 Juventus
74%
1993 Juventus
74%
2003 FC Porto
71%
2011 FC Porto
71%
1996 Bayern Munich
70%
2021 Villarreal
69%
1992 Ajax
67%
1972 Tottenham Hotspur
63%
1984 Tottenham Hotspur
63%
1978 PSV Eindhoven
58%
2004 Valence
57%
1980 Eintracht Francfort
56%
2022 Eintracht Francfort
56%
1989 Naples
53%
1988 Bayer Leverkusen
49%
1974 Feyenoord
49%
2002 Feyenoord
49%
2000 Galatasaray
44%
2008 Zénith Saint-Pétersbourg
41%
1983 RSC Anderlecht
37%
2005 CSKA Moscou
36%
1995 Parme
35%
1999 Parme
35%
1997 Schalke 04
30%
1975 Borussia Mönchengladbach
22%
1979 Borussia Mönchengladbach
22%
2009 Shakhtar Donetsk
21%
1981 Ipswich Town
18%
1982 IFK Göteborg
17%
1987 IFK Göteborg
17%
Aucun quiz correspondant
Distribution des résultats
% des personnes avec chaque résultat
Percentile par nombre de réponses
Votre historique - résultats
Vous n’avez pas pris ce quiz